[Event "Maria Albulet Memorial 2018"]
[Site "Braila"]
[Date "2018.11.03"]
[Round "1"]
[White "Babiy, Olga"]
[Black "Nistor, Valentina"]
[Result "1-0"]
[WhiteElo "2314"]
[BlackElo "1881"]
[Annotator "TA"]
[PlyCount "96"]
[EventDate "2018.11.03"]
[EventType "swiss"]
[EventCountry "ROU"]
[SourceTitle "playchess.com"]
[Source "ChessBase"]
[SourceQuality "1"]

{[%evp 18,96,46,30,50,39,48,37,60,55,57,55,72,44,87,56,115,74,117,42,79,87,97,94,180,178,166,172,188,193,256,192,287,263,471,209,306,303,379,268,353,364,447,483,466,449,491,199,206,194,208,182,303,283,374,375,385,366,454,425,522,535,581,560,1325,1252,1044,1325,1257,1266,1257,1189,1189,1126,914,773,29984,29985,29981,29982,29995]} 1. e4 e5 2. Nf3 Nc6 3. Bb5 a6 4. Ba4 Nf6 5. O-O Be7 6. Re1 b5 7. Bb3 d6 8. c3 Bg4 9. d3 O-O 10. Nbd2 {[%cal Bb1d2,Bd2f1,Bf1g3][%mdl 32] LiveBook: 32 Games} Qd7 {C90: Closed Ruy Lopez with 7...d6: Early deviations} (10... Na5 11. Bc2 Nd7 12. h3 Bh5 13. Nf1 c5 14. g4 Bg6 15. Ng3 Re8 16. Nf5 Bf8 17. Kg2 d5 18. N3h4 {½-½ (63) Dvoirys,S (2528)-Mindlin,A (2472) Ramat Gan 2018}) 11. Nf1 Rfe8 12. h3 Bh5 {White is slightly better.} 13. Ng3 Bg6 14. Nh4 d5 15. Qf3 {[%cal Re4d5]} Rad8 16. Nhf5 $146 ({Predecessor:} 16. Bg5 d4 17. Ngf5 dxc3 18. bxc3 Na5 19. d4 Nxb3 20. axb3 Qe6 21. dxe5 Qxe5 22. Rxa6 Bd6 23. Nxd6 cxd6 24. Bf4 Qe7 25. Nxg6 hxg6 26. e5 {1-0 (26) Wagener,A (2165)-Vark,L (2040) Medellin 1996}) 16... d4 (16... Kh8 $14) 17. Rd1 a5 {[#]} 18. a3 ({Better is} 18. a4 $1 $16 {[%cal Ra4b5]} dxc3 19. bxc3 (19. Nxe7+ Qxe7 20. bxc3 b4 $11)) 18... Ra8 19. Bg5 Bd8 20. h4 h5 (20... a4 $16 21. Ba2 Bxf5 22. Nxf5 Kh8) 21. Bxf6 $1 $18 Bxf6 22. Nxh5 Bxf5 23. exf5 Qd6 (23... a4 $142) 24. Qg4 Kf8 (24... Rf8 $142 25. Rac1 dxc3) 25. Ng3 Qe7 $2 (25... a4 {was worth a try.}) 26. h5 (26. Qh5 $142 {[%cal Rh5h8]} Kg8 27. Ne4) 26... b4 (26... a4 $142) 27. Bd5 Qd7 28. Qf3 Ra6 29. axb4 Rb8 {[#]} 30. b5 $1 Rxb5 31. Bc4 e4 32. dxe4 (32. Qf4 $142 Rab6 33. Bxb5 Rxb5 34. h6 gxh6 35. Nxe4) 32... Ne5 33. Qe2 Nxc4 34. Qxc4 Rab6 (34... Rd6 $142 35. Ne2 d3) 35. cxd4 Rb4 36. Qc5+ Be7 37. Qc3 Rxb2 38. Rxa5 Kg8 {[#]} 39. h6 $1 gxh6 (39... Rxh6 40. Ra8+) 40. Ra8+ Bd8 41. Nh5 Kh7 42. d5 {[%csl Gh5][%cal Rc3g7]} f6 43. Qg3 Rb8 44. Qg6+ Kh8 45. Nxf6 Bxf6 46. Qxf6+ Kg8 47. Rxb8+ Rxb8 48. Rd3 Ra8 {Precision: White = 70%, Black = 12%.} 1-0

[Event "Maria Albulet Memorial 2018"]
[Site "Braila"]
[Date "2018.11.03"]
[Round "1"]
[White "Rakhmangulova, Anastasiya"]
[Black "Didiliuc, Dariana-Gabriela"]
[Result "1-0"]
[WhiteElo "2210"]
[BlackElo "1784"]
[Annotator "TA"]
[PlyCount "99"]
[EventDate "2018.11.03"]
[EventType "swiss"]
[EventCountry "ROU"]
[SourceTitle "playchess.com"]
[Source "ChessBase"]
[SourceQuality "1"]

{[%evp 33,99,16,38,0,61,37,124,118,138,138,140,135,128,133,135,136,161,104,165,116,91,0,89,0,4,6,14,0,130,130,158,155,158,0,0,0,0,0,0,0,0,0,17,0,0,0,223,195,397,397,398,394,385,360,298,277,262,247,250,245,247,236,29986,29987,29987,29988,29995,29996]} 1. e4 c5 2. Nf3 Nc6 3. d4 cxd4 4. Nxd4 Nf6 5. Nc3 e5 6. Ndb5 d6 7. Bg5 a6 8. Na3 b5 9. Nd5 Be7 10. Bxf6 Bxf6 11. c3 O-O 12. Nc2 Bg5 13. h4 Bh6 14. g4 Bf4 15. Qf3 Be6 16. Nxf4 {B33: Sicilian: Pelikan and Sveshnikov Variations} exf4 17. Qxf4 Ne5 {LiveBook: 3 Games} 18. f3 {White is slightly better.} Bc4 (18... Qc7 $11) (18... a5 19. Be2 b4 20. Qd2 bxc3 21. bxc3 Rb8 22. Nd4 Bc4 23. f4 Bxe2 24. fxe5 {0-1 (52) Van Foreest,L (2488)-Wan,Y (2501) Bruges 2018}) 19. Ne3 $146 ({Predecessor:} 19. Nd4 Qc7 20. Kf2 b4 21. Qe3 d5 22. Bxc4 Nxc4 23. Qe2 bxc3 {½-½ (69) Schoenfeld,F (2176)-Klemm,D (2177) Goerlitz 1997}) 19... Bxf1 (19... Rb8 $14) 20. Kxf1 $16 Nd3 21. Qh2 $1 Qf6 22. Qe2 Nf4 23. Qd2 Rad8 24. Kf2 Rfe8 25. g5 ({Better is} 25. Rad1 $18) 25... Qe6 (25... Qe5 $16 {was worth a try.}) 26. Nf5 Nh5 27. Ne3 (27. Ng3 $16 d5 28. Nxh5 dxe4 29. Qf4) 27... Qe5 (27... Nf4 $11 {keeps the balance.}) 28. Nd5 (28. Rag1 $16) 28... Qg3+ $11 29. Ke2 {With the idea Rag1.} Re5 $1 {[%cal Re5d5] Hoping for ...Rxd5!} 30. Raf1 Rxd5 (30... Qg2+ $1 $11 31. Ke3 Qxd2+ 32. Kxd2 Ng3) 31. exd5 $16 Qe5+ 32. Kd1 Ng3 33. Rhg1 $2 (33. Re1 $16 Qf5 34. Rh2) 33... Nxf1 $11 34. Rxf1 {[%mdl 4096] Endgame KQR-KQR} Qf5 35. Kc1 g6 36. Re1 Qxf3 37. Qd4 Qf5 38. b3 Rf8 39. Kb2 f6 $2 (39... a5 $11) 40. Re7 $18 {Qa7 would kill now.} Rf7 $2 (40... Qh3 41. gxf6 Qf3) 41. Rxf7 $1 Kxf7 {KQ-KQ} 42. Qa7+ Ke8 43. Qb8+ Kd7 44. Qb7+ Kd8 45. Qb6+ (45. Qxa6 Qf2+ 46. Kb1 Qg1+ 47. Kc2 Qg2+ 48. Kd3 Qxd5+ 49. Kc2 Qf5+ 50. Kb2 Qf2+ 51. Kc1 Qg1+ 52. Kd2 Qf2+ 53. Kd1 Qf3+ 54. Kd2 Qg2+ 55. Kd3 Qf1+ 56. Kc2 Qe2+ 57. Kb1 Qd3+ 58. Kb2 Qe2+ 59. Kb1 Qd3+ 60. Kb2 Qd2+ 61. Ka3 fxg5 $11) 45... Kd7 {[#]} 46. Qc6+ $1 ({Stronger than} 46. Qxa6 Qf2+ 47. Kb1 Qg1+ 48. Kb2 Qf2+ 49. Kb1 Qf5+ 50. Kb2 Qf2+ $11) 46... Ke7 {[#]} 47. Qc7+ $1 ({Worse is} 47. Qxa6 Qf2+ 48. Ka3 Qc5+ 49. Kb2 Qf2+ 50. Kb1 Qe1+ 51. Kc2 Qe2+ 52. Kc1 Qf1+ 53. Kb2 Qf2+ $11) 47... Qd7 $2 (47... Ke8 $18 48. Qxd6 fxg5) 48. gxf6+ {White mates.} Ke8 49. Qb8+ Kf7 50. Qh8 {Precision: White = 51%, Black = 39%.} 1-0

[Event "Maria Albulet Memorial 2018"]
[Site "Braila"]
[Date "2018.11.03"]
[Round "1"]
[White "Makropoulou, Marina"]
[Black "Otetea, Ioana"]
[Result "1-0"]
[WhiteElo "2110"]
[BlackElo "1602"]
[Annotator "TA"]
[PlyCount "117"]
[EventDate "2018.11.03"]
[EventType "swiss"]
[EventCountry "ROU"]
[SourceTitle "playchess.com"]
[Source "ChessBase"]
[SourceQuality "1"]

{[%evp 18,117,21,11,54,35,94,90,90,84,108,43,82,85,133,103,94,55,96,97,106,100,244,253,277,265,362,376,333,353,339,202,200,165,188,168,159,168,242,235,243,235,250,251,243,243,243,238,245,240,281,279,252,261,287,279,337,336,336,329,359,326,341,318,332,300,392,391,492,394,396,337,363,0,374,330,344,335,401,372,348,0,354,277,280,312,373,366,673,648,860,850,939,897,960,938,909,885,1080,958,930,841]} 1. e4 c5 2. Nf3 d6 3. d4 cxd4 4. Nxd4 Nf6 5. Nc3 a6 6. a4 e5 7. Nf3 h6 8. Bc4 Be7 9. O-O {B90: Sicilian Najdorf: Unusual White 6th moves, 6 Be3 Ng4 and 6 Be3 e5} O-O 10. Be3 {LiveBook: 5 Games} (10. Qe2 Be6 11. Rd1 Qc7 12. Ba2 Bxa2 13. Rxa2 Nc6 14. Be3 Rfe8 15. Nh4 Nd4 16. Bxd4 exd4 17. Rxd4 {1-0 (61) Onischuk,V (2593)-Safarli,E (2649) Kocaeli 2014}) 10... Nbd7 11. Nh4 $146 {White is slightly better.} ({Predecessor:} 11. Qe2 b6 12. Rfd1 Qc7 13. Nh4 Re8 14. Nf5 Bf8 15. Nd5 Qd8 16. Rd3 {1-0 (29) Smolovic,M (2340)-Benderac,S (2235) Cetinje 1992}) 11... Kh7 (11... Nb6 $14 12. Bb3 Be6) 12. Nf5 $16 Nc5 13. Qf3 Qc7 14. Rfd1 (14. Nd5 $16 Nxd5 15. Bxd5) 14... Bxf5 15. Qxf5+ Kh8 16. Ba2 Rac8 17. Rd2 b6 18. Nd5 $36 {[%mdl 2048] Black is under strong pressure.} Nxd5 19. Bxd5 Bf6 {[#]} (19... Nd7 $16 {is a better defense.}) 20. Bxh6 $1 $18 {[%mdl 512]} Qe7 (20... gxh6 21. Qxf6+) 21. Be3 Rc7 22. Ra3 g6 23. Qh3+ Kg8 24. Qh6 (24. Bxc5 $142 Rxc5 25. b4 Rxd5 26. Rxd5) 24... Ne6 25. Bxe6 Qxe6 26. Bxb6 Rc4 {[#]} 27. Qe3 $1 Rfc8 (27... Qc8 {was called for.} 28. c3 Qc6) 28. c3 Qd7 29. a5 Qc6 30. f3 Be7 31. Ra1 Kg7 32. Qd3 Rh8 33. Rc2 Qc8 34. b3 Rc6 35. c4 Bg5 36. Rd1 Bf4 37. g3 Bg5 38. Qd5 Qe8 39. Re2 Rh5 40. Rg2 Be7 41. Qd3 Bg5 42. b4 Qe6 43. Rc2 Qc8 44. Qd5 Rh8 45. Qd3 Rh5 $1 46. Qe2 Rh3 47. Rd5 Rh5 48. Qd3 Be7 49. Qe2 Bg5 $1 50. c5 {[%cal Bc4c5,Bc5d6][%mdl 32]} Be7 51. Qf2 Bf8 52. Rcd2 Qb8 $2 (52... Qe6 53. Qe2 dxc5 54. bxc5 Be7) 53. Qe2 {White is clearly winning.} Qb7 54. cxd6 Rc1+ 55. Rd1 Rxd1+ 56. Qxd1 Qd7 57. Bc5 Qh3 58. Rd2 {And now d7 would win.} Qd7 59. Qe2 {Precision: White = 61%, Black = 27%.} 1-0

[Event "Maria Albulet Memorial 2018"]
[Site "Braila"]
[Date "2018.11.03"]
[Round "1"]
[White "Ciolacu, Alessia-Mihaela"]
[Black "Cosma, Elena-Luminita"]
[Result "0-1"]
[WhiteElo "1972"]
[BlackElo "2338"]
[Annotator "TA"]
[PlyCount "74"]
[EventDate "2018.11.03"]
[EventType "swiss"]
[EventCountry "ROU"]
[SourceTitle "playchess.com"]
[Source "ChessBase"]
[SourceQuality "1"]

{[%evp 13,74,15,9,0,13,0,0,0,0,0,0,0,0,-24,-22,-38,-27,-31,7,0,0,-56,-54,-46,-45,-125,-139,-140,-75,-114,-72,-106,-110,-123,-114,-112,-113,-134,-27,-190,-76,-225,-229,-229,-228,-241,-223,-239,-233,-249,-257,-261,-254,-470,-389,-632,-632,-1198,-1172,-1358,-1130,-29985,-29986]} 1. d4 e6 2. Nf3 d5 3. c4 Nf6 4. Nc3 Be7 5. Bg5 h6 6. Bf4 O-O 7. e3 b6 {LiveBook: 4 Games} 8. Rc1 {D55: Queen's Gambit Declined: 4 Bg5 Be7: Lines without ...h6 and 6...h6 7 Bxf6} Bb7 9. cxd5 Nxd5 10. Nxd5 {The position is equal.} Qxd5 11. Bc4 $146 ({Predecessor:} 11. a3 Bd6 12. Bxd6 cxd6 13. Bc4 Qa5+ 14. Qd2 Qxd2+ 15. Kxd2 Rc8 {½-½ (30) Dao,T (2521)-Wang,C (2483) Ho Chi Minh City 2013}) 11... Bb4+ 12. Kf1 Qd8 13. Qb3 Bd6 14. Ne5 Bxe5 15. dxe5 Ba6 16. Ke2 Qd5 17. Rhd1 (17. f3 $11) 17... Qxg2 $15 18. Rg1 Qh3 19. Qa3 (19. Bxa6 $15 Nxa6 20. Qc4 Qh5+ 21. f3) 19... Bxc4+ $17 20. Rxc4 Nd7 (20... Qh5+ $142 21. f3 c5) 21. Qc3 Rad8 22. f3 Nc5 $36 {[%mdl 2048] And now ...Rd3 would win. Black has strong initiative.} 23. Rd4 a5 24. Qd2 Rxd4 25. exd4 Nd7 (25... Rd8 $17 {White must now prevent ...Na6.} 26. Ke3 g5) 26. Rg4 $2 {[#]} (26. Qc1 $11) 26... Rd8 (26... f6 $19 {and Black stays clearly on top.} 27. Bxh6 Qxh2+ 28. Ke1 Qh1+ 29. Kf2 Rf7) 27. Qe3 (27. Bxh6 $17 {was called for.} Qxh2+ 28. Ke1 Qxd2+ 29. Kxd2) 27... Nf8 $19 28. Qg1 Ng6 {Hoping for ...h5.} 29. Be3 Qh5 30. h4 Qf5 31. Qc1 {[#]} c5 $1 {[%mdl 512]} 32. Re4 (32. dxc5 bxc5) 32... Rd5 33. dxc5 $2 (33. Kf2) 33... bxc5 34. Qc3 $2 (34. Qg1 Rxe5 35. Qg4) 34... Nxe5 35. Rf4 Qb1 36. Bd2 Qg1 37. Re4 Qg2+ {Precision: White = 24%, Black = 55%.} 0-1

[Event "Maria Albulet Memorial 2018"]
[Site "Braila"]
[Date "2018.11.03"]
[Round "1"]
[White "Mihailova, Alina"]
[Black "Terbe, Zsuzsanna"]
[Result "1/2-1/2"]
[WhiteElo "1790"]
[BlackElo "2215"]
[Annotator "TA"]
[PlyCount "80"]
[EventDate "2018.11.03"]
[EventType "swiss"]
[EventCountry "ROU"]
[SourceTitle "playchess.com"]
[Source "ChessBase"]
[SourceQuality "1"]

{[%evp 17,80,24,18,0,32,25,54,26,31,22,33,0,54,61,72,42,53,37,60,40,53,0,10,-62,206,9,0,-18,15,15,15,15,15,15,16,17,22,13,25,25,24,22,24,0,0,-68,0,0,0,0,0,0,-6,-6,-1,-4,18,18,15,21,107,29,25,21,110]} 1. d4 d5 2. c4 c6 3. Nf3 Nf6 4. Qc2 g6 5. Bf4 Bg7 6. e3 O-O 7. Nc3 Bf5 8. Bd3 Bxd3 9. Qxd3 Nbd7 {LiveBook: 9 Games. D93: Grünfeld: 4 Nf3 Bg7 5 Bf4 0-0 6 e3} 10. h3 e6 11. O-O Qe7 $146 {White has an edge.} ({Predecessor:} 11... Re8 12. Rfd1 Qa5 13. b4 Qxb4 14. cxd5 Nxd5 15. Nxd5 cxd5 16. Rab1 Qa4 17. Rxb7 {1-0 (40) Bu,X (2676)-Malakhov,V (2732) Ningbo 2010}) 12. Rfd1 Rfd8 13. Rac1 Rac8 14. e4 dxc4 (14... dxe4 $11 15. Nxe4 e5) 15. Qxc4 $14 Nb6 16. Qe2 h6 17. a4 Nbd7 18. Bh2 a5 19. Ne5 Nb6 20. Nc4 (20. b3 $11) 20... Qb4 $2 {[%mdl 8192] [#]} (20... Nxc4 $15 {stays ahead.} 21. Qxc4 Qb4) 21. Nxb6 $2 (21. Na2 $1 $18 {[%cal Ra2b4]} Qxa4 22. Nxb6 Qxa2 23. Nxc8 Rxc8 24. Qc2) 21... Qxb6 $11 22. Be5 Nd7 23. Bxg7 Kxg7 24. e5 Qb4 25. Ne4 Nb6 26. Nd6 Rc7 27. Qf3 Nd5 28. b3 Rcd7 29. Rc5 Rf8 30. Nc4 Ne7 {...b6 is the strong threat.} 31. Nxa5 (31. Nd6 $11) 31... Rxd4 (31... Ra8 $1 $15 32. Nc4 Nf5) 32. Rxd4 Qxc5 33. Rd7 Qxa5 34. Rxe7 {[%mdl 4096] Endgame KQR-KQR} Qe1+ 35. Kh2 $132 {[%mdl 2048] Hoping for Qf6+. White is not keeping still} Qxe5+ 36. g3 b6 37. Rb7 Qd4 38. Kg2 Qb4 {[#]} (38... e5 $11) 39. Qxc6 (39. Qe3 $1 $16) 39... Qxb3 40. Rxb6 Qd5+ {Precision: White = 37%, Black = 43%.} (40... Qd3 $1 $11 {keeps the balance.}) 1/2-1/2

[Event "Maria Albulet Memorial 2018"]
[Site "Braila"]
[Date "2018.11.03"]
[Round "1"]
[White "Hrib, Andrada-Ioana"]
[Black "Petrenko, Svetlana"]
[Result "0-1"]
[WhiteElo "1770"]
[BlackElo "2130"]
[Annotator "TA"]
[PlyCount "77"]
[EventDate "2018.11.03"]
[EventType "swiss"]
[EventCountry "ROU"]
[SourceTitle "playchess.com"]
[Source "ChessBase"]
[SourceQuality "1"]

{[%evp 14,77,19,7,8,9,15,8,18,11,22,12,12,11,41,22,18,22,25,14,49,36,42,39,48,31,36,27,35,33,21,35,26,6,38,30,62,52,79,18,55,56,82,64,73,70,72,14,13,-91,-73,-108,-60,-133,-85,-73,-75,-374,-402,-452,-451,-447,-438,-434,-331,-29991]} 1. d4 d5 2. Nf3 e6 3. Bf4 Nf6 4. h3 c5 5. e3 Nc6 6. c3 Be7 7. Bd3 O-O 8. Nbd2 {LiveBook: 93 Partien} h6 {D02: Damenbauernspiele} (8... c4 9. Bb1 b5 10. e4 dxe4 11. Nxe4 Bb7 12. Qe2 Rc8 13. O-O Nd5 14. Bg5 h6 15. Bxe7 Ncxe7 16. Nc5 Ba8 {½-½ (25) Esipenko,A (2587)-Bai,J (2579) Qinhuangdao 2018}) 9. O-O b6 10. Qe2 Bb7 {Die Stellung ist ausgeglichen.} 11. Ne5 Nxe5 12. Bxe5 $146 ({Vorgänger:} 12. dxe5 Nd7 13. Qg4 Bg5 14. Rfe1 Bxf4 15. exf4 {1-0 (24) Leal,J (2003)-Verastegui Marca,E (1687) Montevideo 2014}) 12... Nd7 13. Bh2 f5 14. Nf3 {[%cal Bd2f3,Bf3e5,Be5g6,Bg6f4][%mdl 32]} c4 15. Bc2 b5 16. Ne5 Bd6 17. Ng6 Bxh2+ 18. Kxh2 Rf6 19. Nf4 Qc7 20. Kg1 a5 21. g4 Nf8 22. gxf5 exf5 23. Qf3 Qd7 24. Kh1 g5 25. Nh5 Rf7 26. Rg1 ({Günstiger ist} 26. Qg2 $16) 26... Kh8 27. Qg3 {Droht De5+ und aus.} Re8 28. f4 Nh7 $1 29. fxg5 hxg5 {[#]} 30. Raf1 (30. h4 $1 $16 {[%cal Rh4g5]} g4 31. Raf1) 30... Qe6 $11 31. Re1 (31. h4 $11 Qg6 32. Qg4) 31... Bc8 $17 32. Rgf1 Bd7 33. Qf3 ({Besser ist} 33. h4 $15 Qh6 34. Bd1) 33... Ref8 34. Re2 Qh6 {Und weiter mit ...g4 wäre nett.} 35. Rg1 $2 {[%mdl 8192] [#]} (35. Rh2 $17) 35... g4 $1 $19 {[%cal Rg4f3]} 36. Qg3 {[%cal Rh3g4]} Qxh5 37. Rh2 Qg5 38. Qe5+ Qf6 39. Qe4 $2 {Precision: Weiß = 41%, Schwarz = 60%.} (39. Qxf6+ $19 Rxf6 40. hxg4) 0-1

[Event "Maria Albulet Memorial 2018"]
[Site "Braila"]
[Date "2018.11.03"]
[Round "1"]
[White "Uzuneanu, Gabriela"]
[Black "Bucur, Denisa-Andreea"]
[Result "0-1"]
[WhiteElo "1571"]
[BlackElo "2012"]
[Annotator "NA RC"]
[PlyCount "70"]
[EventDate "2018.11.03"]
[EventType "swiss"]
[EventCountry "ROU"]
[SourceTitle "playchess.com"]
[Source "ChessBase"]
[SourceQuality "1"]
[TimeControl "40/5400+30:900+30"]

1. e4 {[%emt 0:00:00]} c5 {[%emt 0:00:00]} 2. f4 {[%emt 0:00:00]} Nc6 {[%emt 0:00:00]} 3. Nf3 {[%emt 0:00:00]} g6 {[%emt 0:00:00]} 4. g3 {[%emt 0:00:00]} Bg7 {[%emt 0:00:02]} 5. Bg2 {[%emt 0:00:01]} d6 {[%emt 0:00:09]} 6. d3 {[%emt 0:00:39]} e6 {[%emt 0:01:37]} 7. Nc3 {[%emt 0:01:54]} Nge7 {[%emt 0:00:20]} 8. Bd2 {[%emt 0:01:25]} O-O {[%emt 0:00:21]} 9. O-O {[%emt 0:01:23]} Rb8 {[%emt 0:00:33]} 10. Rb1 {[%emt 0:03:02]} b5 {[%emt 0:01:04]} 11. h3 {[%emt 0:01:55]} b4 {[%emt 0:05:00]} 12. Ne2 {[%emt 0:00:18]} Qb6 {[%emt 0:02:21]} 13. Kh1 {[%emt 0:20:44]} Qa6 {[%emt 0:04:56]} 14. Nc1 {[%emt 0:05:34]} Bd7 {[%emt 0:14:21]} 15. g4 {[%emt 0:01:57]} f5 {[%emt 0:01:01]} 16. g5 {[%emt 0:11:53]} c4 {[%emt 0:15:52]} 17. Qe2 {[%emt 0:17:37]} c3 {[%emt 0:04:18]} 18. bxc3 {[%emt 0:01:51]} bxc3 {[%emt 0:00:08]} 19. Rxb8 {[%emt 0:00:05]} Rxb8 {[%emt 0:00:02]} 20. Be3 {[%emt 0:05:29]} Nb4 {[%emt 0:03:17]} 21. Bd4 {[%emt 0:05:02]} fxe4 {[%emt 0:03:39]} 22. dxe4 {[%emt 0:01:49]} Bb5 {[%emt 0:00:54]} 23. Qf2 {[%emt 0:00:25]} Bxd4 {[%emt 0:03:33]} 24. Nxd4 {[%emt 0:00:21]} Bxf1 {[%emt 0:00:23]} 25. Bxf1 {[%emt 0:00:06]} Qb6 {[%emt 0:02:02]} 26. Kg1 {[%emt 0:04:35]} e5 {[%emt 0:04:10]} 27. fxe5 {[%emt 0:00:17]} Rf8 {[%emt 0:00:22]} 28. Bc4+ {[%emt 0:02:55]} d5 {[%emt 0:00:14]} 29. Qe3 {[%emt 0:02:56]} dxc4 {[%emt 0:00:46]} 30. Qxc3 {[%emt 0:00:44]} Nxc2 {[%emt 0:00:32]} 31. Qxc4+ {[%emt 0:00:15]} Kh8 {[%emt 0:00:13]} 32. Ncb3 {[%emt 0:00:48]} Nxd4 {[%emt 0:00:07]} 33. Qxd4 {[%emt 0:01:18]} Nc6 {[%emt 0:00:43]} 34. Qxb6 {[%emt 0:00:42]} axb6 {[%emt 0:00:02]} 35. e6 {[%emt 0:00:11]} Re8 {[%emt 0:00:05]} 0-1

[Event "Maria Albulet Memorial 2018"]
[Site "Braila"]
[Date "2018.11.04"]
[Round "2"]
[White "Cosma, Elena-Luminita"]
[Black "Makropoulou, Marina"]
[Result "1/2-1/2"]
[WhiteElo "2338"]
[BlackElo "2110"]
[Annotator "TA"]
[PlyCount "91"]
[EventDate "2018.11.03"]
[EventType "swiss"]
[EventCountry "ROU"]
[SourceTitle "playchess.com"]
[Source "ChessBase"]
[SourceQuality "1"]

{[%evp 18,91,13,0,8,0,0,-16,14,-22,6,-15,0,0,15,19,24,13,16,-10,-17,-31,17,10,12,8,16,14,9,9,12,8,45,0,26,0,41,41,41,41,41,41,60,41,41,41,41,41,41,41,41,41,41,41,41,41,41,41,41,41,41,41,41,41,41,41,41,41,41,41,41,41,41,41,41,41]} 1. d4 d5 2. c4 e6 3. Nf3 Nf6 4. g3 Bb4+ 5. Bd2 Bd6 (5... Be7 6. Bg2 O-O 7. O-O Nbd7 8. Nc3 c6 9. Bf4 dxc4 10. e4 Re8 11. a4 b6 12. d5 exd5 13. exd5 Bb7 14. a5 bxa5 15. d6 Bf8 16. Nd2 Nd5 17. Nxd5 cxd5 18. Nxc4 dxc4 19. Bxb7 {½-½ (42) Nakamura,H (2777)-Karjakin,S (2773) Saint Louis 2018}) 6. Bg2 {E01: Catalan: Early deviations} O-O 7. O-O c6 8. Qc2 Ne4 9. Rd1 Nd7 {[%cal Bb8d7,Bd7f6,Bf6e4][%mdl 32]} 10. Be1 {LiveBook: 10 Games} Qe7 11. Nc3 {[%cal Bb1c3,Bc3e2,Be2f4][%mdl 32]} f5 12. e3 Rb8 $146 ({Predecessor:} 12... g5) 13. Nd2 (13. a3 {seems wilder.} a5 14. c5 Bc7 15. b4 g5 16. Rac1) 13... Ndf6 (13... b6 {keeps more tension.} 14. Nf3 a5 15. a3 Ba6 16. Bf1 Bb7) 14. Ne2 (14. c5 {is more complex.} Bc7 15. Ne2 e5 16. dxe5 Qxe5 17. b4) 14... Nxd2 15. Bxd2 Bd7 {[%cal Bc8d7,Bd7e8,Be8h5][%mdl 32]} 16. Nf4 Be8 17. Rdc1 Ne4 18. c5 Bc7 $1 19. Nd3 Bh5 20. f3 {[%cal Bf2f3,Bf3f4][%mdl 32]} Nxd2 21. Qxd2 e5 22. f4 {[%cal Rf4e5]} e4 23. Ne5 g5 24. b4 Bxe5 25. dxe5 Bf3 26. Qd4 g4 27. h4 {White is slightly better.} Bxg2 28. Kxg2 a6 29. a4 Ra8 30. Rab1 Kf7 31. Rc2 Ke6 32. Kf2 {[%cal Bg2f2,Bf2f1,Bf1e2,Be2d1,Bd1c1,Bc1b2,Bb2c2,Bc2b1,Bb1a2][%mdl 32]} Rfc8 33. Rb3 Rc7 34. Kf1 Rcc8 35. Ke2 Rc7 36. Kd1 Rcc8 37. Kc1 Ra7 38. Kb2 Raa8 39. Rcc3 Ra7 40. Kc2 Raa8 41. Rb2 Ra7 42. Kb1 Raa8 43. Ka2 Ra7 44. Ra3 Raa8 45. Rbb3 h5 46. Rb2 {Precision: White = 60%, Black = 42%.} 1/2-1/2

[Event "Maria Albulet Memorial 2018"]
[Site "Braila"]
[Date "2018.11.04"]
[Round "2"]
[White "Terbe, Zsuzsanna"]
[Black "Ciolacu, Alessia-Mihaela"]
[Result "1/2-1/2"]
[WhiteElo "2215"]
[BlackElo "1972"]
[Annotator "TA"]
[PlyCount "154"]
[EventDate "2018.11.03"]
[EventType "swiss"]
[EventCountry "ROU"]
[SourceTitle "playchess.com"]
[Source "ChessBase"]
[SourceQuality "1"]

{[%evp 20,154,45,0,67,57,82,62,68,70,71,57,75,62,68,45,53,0,8,0,0,-1,0,0,-5,0,-8,-8,0,0,0,-16,-14,-16,-4,-10,0,-3,0,-3,-2,-8,-4,-17,0,0,0,-13,-4,-8,-8,-16,-14,-30,-24,-35,-27,-40,-11,-20,-11,-12,0,0,0,0,0,0,0,0,8,8,37,37,27,31,58,37,73,22,29,0,0,8,29,0,18,18,22,8,8,8,73,63,82,0,18,0,0,0,45,0,72,72,131,45,45,45,45,45,45,45,52,18,18,0,8,0,0,0,0,0,0,0,0,0,0,0,0,0,0,0,0,0,0,0,0]} 1. Nf3 Nf6 2. g3 b6 3. Bg2 Bb7 4. O-O c5 5. c4 e6 6. Nc3 Be7 7. d4 cxd4 8. Qxd4 d6 9. e4 Nbd7 {A30: Englische Eröffnung (Symmetrische Variante)} 10. Qe3 a6 11. b3 {LiveBook: 4 Partien} Ra7 $146 (11... b5 $11) ({Vorgänger:} 11... O-O 12. Nd4 Qc7 13. Bb2 Rfe8 14. Rfe1 Bf8 15. Re2 Rad8 16. Qd2 Qb8 17. Rd1 g6 18. Qe1 e5 19. Nc2 b5 20. cxb5 axb5 21. Nb4 Nc5 22. Bc1 Bg7 {0-1 (72) Uhlmann,W (2515)-Ftacnik,L (2550) Debrecen 1989}) 12. Bb2 Qa8 13. Rfe1 O-O 14. Nd4 Re8 15. h3 Nc5 16. Kh2 Bf8 17. Bh1 d5 18. e5 Nfe4 19. Nxe4 dxe4 20. Bc3 Nd3 21. Re2 Nxe5 22. Bxe4 Bxe4 23. Qxe4 Qxe4 24. Rxe4 Nd3 25. Kg2 Rd7 26. Re3 Nc5 27. Rae1 g6 28. Nc6 Nd3 29. R1e2 Rc8 30. Ne5 Nxe5 31. Bxe5 Bg7 32. Bxg7 Kxg7 $11 {[%mdl 4096] Endspiel KTT-KTT} 33. a4 Rc5 34. Rb2 Kf6 35. Rf3+ Ke7 36. g4 Rd4 37. Kg3 h5 38. Re3 hxg4 39. hxg4 g5 40. Rbe2 Kd6 41. Rf3 f5 42. gxf5 exf5 43. Re8 Rg4+ 44. Kh3 Rh4+ 45. Kg2 Rh7 46. Rd3+ Kc7 $1 47. Rdd8 Rd7 48. Rc8+ Kd6 49. Rb8 (49. Ra8 $16) 49... Rc6 50. Rg8 g4 51. Rge8 Re7 52. Rf8 Ke6 53. Rbd8 {Und weiter mit Td5 wäre nett.} Rf7 $1 54. Rfe8+ Re7 55. Rh8 Rf7 (55... Ke5 $11 {bleibt in der Remisbreite.}) 56. Rd5 $16 Rf6 57. Re8+ ({Lieber} 57. Kg3 $16) 57... Kf7 $11 58. Red8 Rce6 59. Kg3 Re4 60. R5d7+ Re7 (60... Kg6 $1 $11 {hält das Gleichgewicht.}) 61. Kf4 $16 Rfe6 (61... Rh6 $142) 62. Kxf5 ({Besser ist} 62. Rxe7+ $16 Kxe7 63. Rb8) 62... Rf6+ $14 63. Kxg4 {[#] Droht f4 und aus.} Rxf2 64. Rxe7+ (64. Rd6 {seems wilder.} Re4+ 65. Kg3 Rfe2 66. Rd3 R4e3+ 67. Kg4) 64... Kxe7 {KT-KT} 65. Rb8 Rf6 66. Kg5 {zielt auf Tb7+ ab.} Rc6 {Die Stellung ist ausgeglichen.} 67. Kf5 Kd6 68. Ke4 Kc5 69. Ke5 Rh6 70. Ke4 Re6+ 71. Kd3 Kb4 72. a5 Kxa5 73. Kc3 Re3+ 74. Kb2 b5 75. cxb5 axb5 76. Ka3 Rg3 77. Rb7 Rf3 {Precision: Weiß = 45%, Schwarz = 45%.} 1/2-1/2